[Event "Hokkaido Chess Championship 2025"]
[Site "?"]
[Date "2025.03.23"]
[Round "4.6"]
[White "Furuse, Mizuki"]
[Black "Aoki, Yasuhiro"]
[Result "1/2-1/2"]
[WhiteElo "1588"]
[BlackElo "1731"]
[Annotator "Fritz 11 SE (30s)"]
[PlyCount "110"]
[EventDate "2025.03.22"]
[EventRounds "5"]
[EventCountry "JPN"]

{A24: English Opening vs King's Indian: Lines without ...Nc6} 1. Nf3 Nf6 2. g3
g6 3. Bg2 Bg7 4. O-O O-O 5. c4 d6 6. d3 c6 7. Nc3 e5 8. Rb1 Nbd7 9. b4 Qc7 (
9... d5 10. b5 dxc4 11. dxc4 Qa5 12. Qb3 Re8 13. Ng5 Nb8 14. Nce4 Qc7 15. Ba3
Nxe4 16. Nxe4 Rd8 17. Rfd1 Rxd1+ 18. Rxd1 cxb5 19. cxb5 Nd7 20. Rc1 {1-0 (20)
Vidit,S (2565)-Narayanan,S (2483) Kocaeli 2013}) 10. b5 Nc5 11. bxc6 bxc6 12.
Na4 $146 (12. Ba3 Nfd7 13. Nd2 f5 14. Nb5 cxb5 15. Bxa8 Nb6 16. Bg2 Nba4 17.
Qc2 e4 18. dxe4 Nc3 19. Rbe1 fxe4 20. Nb1 Nxb1 21. Rxb1 Bf5 22. g4 Bxg4 23.
Bxc5 dxc5 24. Qxe4 Bf5 25. Qd5+ Kh8 26. Rxb5 Be5 {Leer Salvesen,B (2261)
-Ornstein,P (2223) Gausdal 2000 1-0}) (12. Be3 Ne6 $14) 12... Ne6 $11 13. Bd2
Bd7 14. Nc3 Rfb8 15. Rxb8+ Rxb8 16. Qc2 d5 17. cxd5 cxd5 {Black has an active
position.} 18. Rc1 d4 {Black threatens to win material: d4xc3} 19. Ne4 Qxc2 20.
Nxf6+ Bxf6 21. Rxc2 Rb1+ 22. Rc1 Rxc1+ (22... Rb2 23. a3 $15) 23. Bxc1 $11 {
A minor pieces endgame occured} Bg7 24. Ba3 f6 {Secures g5} 25. Nd2 Nc7 {
[%cal Yd5c3,Yc7d5,Ye6c7] The knight aims for Ne6-c7-d5-c3} 26. Bc5 Be6 27. a4
a6 28. Bd6 {White threatens to win material: Bd6xc7} (28. f4 exf4 29. gxf4 f5
$11) 28... Nd5 29. Ne4 Nc3 {Black threatens to win material: Nc3xa4. Black
forks: a4+e2. Black can be proud of that piece} 30. Nc5 {White threatens to
win material: Nc5xe6. White forks: a6+e6} Bc8 (30... Nxe2+ $2 {doesn't work
because of} 31. Kf1 Bg4 32. h3 Nxg3+ 33. fxg3 $18) 31. Bf3 Bf8 32. Bxf8 Kxf8
33. a5 Ke7 34. Nb3 $2 (34. Kf1 $142 $11 {and White could well hope to play on})
34... Kd6 $17 35. Kf1 Be6 36. Nd2 Bd5 (36... Kc5 $142 $5 37. Ba8 Kb4 $17) 37.
Bxd5 $15 Kxd5 {A knight endgame occured} 38. Nc4 Na2 39. Ke1 Nb4 40. Nb6+ Kc6
41. Nc4 Kb5 42. Nb6 (42. g4 $5 $15 {is an interesting alternative}) 42... Kxa5
$17 43. Nd7 Nd5 44. Nf8 $2 (44. Kd2 $142 $17) 44... Kb4 $19 45. Kd2 Kb3 46. Kc1
(46. f4 exf4 47. Ne6 Kb2 48. Nxd4 a5 49. gxf4 a4 $19) 46... Nc3 (46... a5 $5 {
keeps an even firmer grip} 47. Ne6 a4 48. Nc5+ Kb4 49. Nd7 $19) 47. e3 a5 48.
exd4 exd4 49. Ne6 Nb5 50. Kd2 $4 {leading to a quick end} (50. Nc5+ Kc3 $19)
50... a4 (50... Kb2 $142 {ends the debate} 51. Nc5 Nc3 $19) 51. Nc5+ Kb4 52.
Na6+ Ka5 53. Nc5 (53. Nb8 $19) 53... a3 (53... Nc7 $142 $19 {Black has a
promising position}) 54. Kc2 $17 Kb4 55. Na6+ Ka4 1/2-1/2

[Event "Hokkaido Chess Championship 2025"]
[Site "?"]
[Date "2025.03.23"]
[Round "4.7"]
[White "Ito, Katsuhide"]
[Black "Sugimoto, Koichi"]
[Result "0-1"]
[WhiteElo "1389"]
[BlackElo "1908"]
[Annotator "Fritz 11 SE (30s)"]
[PlyCount "48"]
[EventDate "2025.03.22"]
[EventRounds "5"]
[EventCountry "JPN"]

{B70: Sicilian Dragon: 6 g3 and 6 Be2 (without a later Be3)} 1. e4 c5 2. Nf3 d6
3. d4 cxd4 4. Nxd4 Nf6 5. Nc3 g6 6. Bc4 Bg7 7. O-O O-O 8. Bb3 Nc6 9. Nxc6 (9.
h3 Nxd4 10. Qxd4 b5 11. e5 dxe5 12. Qxd8 Rxd8 13. Nxb5 a6 14. Nc3 e6 15. Be3
Nd5 16. Rad1 Bb7 17. Bg5 f6 18. Bd2 a5 19. a4 Bf8 20. Nb5 Bc5 21. c4 Nf4 22.
Bxf4 exf4 23. Nc7 Rxd1 {Kuzmin,G (2525)-Golubev,M (2495) Nikolaev 1993 1-0 (32)
}) 9... bxc6 10. h3 $146 {Controls g4} (10. Re1 Nd7 11. Be3 a5 12. Qd2 Qc7 13.
Rad1 Nb6 14. a4 Ba6 15. Bh6 c5 16. Bxg7 Kxg7 17. Nd5 Nxd5 18. Bxd5 Rab8 19.
Qc3+ Kg8 20. e5 dxe5 21. Rxe5 e6 22. Bf3 {1/2-1/2 (22) Andres Gonzalez,I (2354)
-Gonzalez Perez,A (2480) Caldas da Rainha 2014}) (10. Qe2 a5 11. Rd1 Ba6 12.
Qe1 Qc7 13. f3 Nd7 14. Be3 Ne5 15. Rac1 Nc4 16. Bxc4 Bxc4 17. b3 Ba6 18. Na4
Bb5 19. Nb6 Rab8 20. c4 Ba6 21. Qxa5 c5 22. Qxa6 Rxb6 23. Qa5 Qb7 24. Qe1 Ra8 {
Taimanov,M (2515)-Afek,Y (2335) Tel Aviv 1990 1-0 (71)}) (10. Bf4 a5 11. a4 Nd7
12. Re1 Rb8 13. Qd2 Nc5 14. Ra3 Be6 15. Bxe6 Nxe6 16. Bh6 Rxb2 17. Bxg7 Nxg7
18. Nd1 Rb1 19. Qh6 e5 20. Rh3 Nh5 21. g4 Qd7 22. Rh4 Qe7 23. Rh3 Nf6 24. Kg2
Rfb8 {Bukvic,M (2155)-Georgiev,K (2682) Cetinje 2012 0-1 (47)}) 10... Qa5 11.
Re1 Nd7 12. a3 (12. Be3 Ba6 $11) 12... Nc5 13. Ba2 Qb6 14. Bg5 $4 (14. Rb1 Rb8
$11) 14... Re8 (14... Qxb2 $5 {might be the shorter path} 15. Ne2 Nxe4 16. Be3
Qxa1 17. Qxa1 Bxa1 18. Rxa1 $19) 15. Qd2 $4 (15. Rb1 $142 $11 {the only
rescuing move}) 15... Qxb2 $19 16. Nd5 (16. e5 Bxe5 17. Rxe5 dxe5 18. Re1 $19)
16... cxd5 17. Qxd5 (17. Bxd5 {the last chance for counterplay} Rb8 18. Qe3 $19
) 17... Be6 18. Bb3 (18. Qd2 {does not solve anything} Bxa2 19. c3 Qxd2 20.
Bxd2 Bc4 $19) 18... Bxd5 19. exd5 Nxb3 20. cxb3 Qxa1 21. Rxa1 Bxa1 22. Be3 a6
23. b4 Rab8 24. Bc1 Rec8 (24... Rec8 25. Bg5 Bf6 $19) 0-1

[Event "Hokkaido Chess Championship 2025"]
[Site "?"]
[Date "2025.03.23"]
[Round "5.1"]
[White "Kawamura, Takuto"]
[Black "Dryglas, Maciej"]
[Result "0-1"]
[WhiteElo "1745"]
[BlackElo "2135"]
[Annotator "Fritz 11 SE (30s)"]
[PlyCount "72"]
[EventDate "2025.03.22"]
[EventRounds "5"]
[EventCountry "JPN"]

{A43: Schmid Benoni} 1. d4 c5 2. d5 f5 3. c4 Nf6 4. Nc3 g6 5. Nf3 (5. g3 d6 6.
Nh3 Nbd7 7. Nf4 Ne5 8. Bg2 Bg7 9. O-O O-O 10. b3 a6 11. a4 Qe8 12. a5 g5 13.
Nd3 Nxd3 14. Qxd3 Qh5 15. f4 Bd7 16. Rb1 gxf4 17. gxf4 Kf7 18. b4 Rac8 19. bxc5
Rxc5 {Belozerov,A (2450)-Rowson,J (2490) Tallinn 1997 0-1 (35)}) 5... Bg7 6.
Bf4 Qb6 $146 {Black threatens to win material: Qb6xb2} (6... d6 7. Qc2 O-O 8.
e3 h6 (8... Qa5 9. Nd2 a6 10. Be2 Bd7 11. O-O b5 12. a3 Qb6 13. b4 Rc8 14. Rab1
cxb4 15. Rxb4 a5 16. Rbb1 b4 17. Qa2 Na6 18. Rfc1 Rab8 19. Nd1 Nc5 20. Nb3 Nxb3
21. Qxb3 Ne4 22. axb4 Nd2 23. Qc2 {Nguyen,T (2248)-Tu,H (2414) Ho Chi Minh
City 2015 0-1 (51)}) 9. h3 Na6 10. Nd2 Bd7 11. a3 Nc7 12. Be2 Kh8 13. O-O Qe8
14. Bh2 g5 15. Bd3 Ng8 16. Rae1 Qh5 17. Nf3 Nf6 18. e4 g4 19. hxg4 fxg4 20. Nd2
e5 21. dxe6 {Sharevich,A (2250)-Agapov,S (2232) Serpukhov 2003 1-0 (34)}) 7.
Nb5 d6 {Prevents intrusion on e5} 8. Qc1 (8. a4 Qa5+ 9. Bd2 Qd8 $11) 8... Ne4 (
8... Nxd5 9. Nxd6+ exd6 10. cxd5 Bxb2 11. Qe3+ Kd7 12. Rd1 $17) 9. Nd2 Nf6 (
9... a6 10. Nc3 Nxc3 11. bxc3 $17) 10. Nc3 e5 11. dxe6 Bxe6 {Black has a new
backward pawn: d6} 12. Nb5 (12. e3 $5 $11 {should not be overlooked}) 12... O-O
$17 13. Bxd6 (13. Nxd6 $2 Nh5 14. Nb3 Nd7 $19) 13... Re8 (13... Rf7 14. Bf4 Nh5
15. Bxb8 Rxb8 16. e3 $17) 14. Be5 (14. Bg3 $5 $15 {should be investigated more
closely}) 14... Nbd7 $17 15. Bc3 Bf7 16. e3 $2 (16. Qc2 $142 $17) 16... f4 $19
17. Nf3 (17. Be2 fxe3 18. fxe3 Rxe3 $19) 17... fxe3 18. fxe3 Bh6 19. Bd2 (19.
Be2 a6 20. Na3 Bxe3 $19) 19... Ne4 20. Be2 Ne5 (20... Rad8 $142 {and Black can
already relax} 21. Nc3 Nxd2 22. Qxd2 Bxe3 23. Qc2 $19) 21. Nxe5 $2 (21. O-O Ng4
22. Qb1 a6 $19) 21... Rxe5 22. Bc3 (22. Rf1 {is the last straw} Rae8 23. Rf3
Nxd2 24. Qxd2 Bxe3 25. Qd6 $19) 22... Nxc3 23. Qxc3 (23. Nxc3 {hoping against
hope} Bxe3 24. Qc2 $19) 23... Rxe3 24. Qc2 Rae8 25. Nc3 (25. O-O {is not the
saving move} Rxe2 26. Qc3 R8e3 $19) 25... Bxc4 (25... Qf6 $142 {nails it down}
26. Rf1 Qh4+ 27. Rf2 Qxh2 $19) 26. O-O Bxe2 27. Nd5 Qe6 (27... Qc6 $5 {keeps
an even firmer grip} 28. Nf6+ Kh8 29. Nxe8 Bxf1 30. Rxf1 Rxe8 31. b3 $19) 28.
Nf6+ Kh8 29. Nxe8 Bxf1 30. Rxf1 Qxe8 31. Qxc5 Re2 32. Qc3+ (32. Qd4+ {hardly
improves anything} Bg7 33. Qxa7 h5 $19) 32... Bg7 33. Qa3 (33. Qd3 {is not
much help} Rxb2 34. a3 h5 $19) 33... Qe3+ (33... Bd4+ $142 {and Black wins} 34.
Kh1 Rf2 35. Rg1 $19) 34. Qxe3 Rxe3 35. Rf7 Bd4 (35... Re2 $142 $5 {keeps an
even firmer grip} 36. Rxb7 Bd4+ 37. Kf1 Rf2+ 38. Ke1 Rxg2 39. Rb4 Bf2+ 40. Ke2
Rxh2 41. Kf3 $19) 36. Kf1 b5 0-1

[Event "Hokkaido Chess Championship 2025"]
[Site "?"]
[Date "2025.03.23"]
[Round "5.2"]
[White "Miyatani, Ryouhei"]
[Black "Honda, Yoshiki"]
[Result "1/2-1/2"]
[WhiteElo "1672"]
[BlackElo "1828"]
[Annotator "Fritz 11 SE (30s)"]
[PlyCount "52"]
[EventDate "2025.03.22"]
[EventRounds "5"]
[EventCountry "JPN"]

{B52: Sicilian: Moscow Variation with 3...Bd7} 1. e4 c5 2. Nf3 d6 3. Bb5+ Bd7
4. Bxd7+ Qxd7 5. c4 Nc6 6. d4 cxd4 7. Nxd4 Nf6 8. Nc3 g6 9. b3 Bg7 10. Bb2 O-O
11. O-O Rad8 (11... a6 12. Nxc6 bxc6 13. Re1 Qa7 14. Qe2 Nd7 15. Rad1 Nc5 16.
h4 a5 17. h5 Rfb8 18. Qd2 a4 19. h6 Bf8 20. Nxa4 Nxa4 21. bxa4 Qxa4 22. Qc3 f6
23. Rxd6 Qb4 24. Rd2 Bxh6 25. Rd8+ Kf7 26. Qxb4 {Ganguly,S (2619)-Al Sayed,M 
(2505) Dubai 2014 1-0 (52)}) (11... e6 12. Re1 Rfd8 13. Rc1 a6 14. Na4 Qc7 15.
Nxc6 Qxc6 16. Qf3 Nd7 17. Bxg7 Kxg7 18. Red1 Nf6 19. Nc3 Rab8 20. h3 Qc5 21.
Qf4 Nh5 22. Qd2 Nf6 23. a4 Rbc8 24. Qd4 Qxd4 25. Rxd4 Kf8 26. Rcd1 {Tikkanen,H
(2521)-Akesson,R (2418) Lund 2015 1/2-1/2 (32)}) 12. Nxc6 $146 (12. f3 e6 13.
Nc2 Rfe8 14. Ne3 Qc7 15. Qd2 a6 16. Rac1 Qa5 17. Rfd1 Qg5 18. Qf2 Nh5 19. Na4
Ne5 20. h4 Qf4 21. Bxe5 Qxe5 22. Nc3 Qa5 23. Qc2 Qc5 24. Qd2 Be5 25. Ne2 Ng3
26. Kf2 Nh5 {Tukhaev,A (2288)-Flumbort,A (2281) Artek 1999 0-1 (54)}) 12...
bxc6 13. Qc2 Qb7 14. Nd1 (14. Rad1 $5 $11 {is worth consideration}) 14... d5
$15 15. exd5 cxd5 16. cxd5 Nxd5 17. Bxg7 Kxg7 18. Qb2+ Kg8 19. Nc3 (19. Ne3 Nf4
$15) 19... Nxc3 (19... Nf4 $5 20. f3 Rc8 $17) 20. Qxc3 $11 {Black king safety
dropped} Rc8 {Black threatens to win material: Rc8xc3} 21. Qb2 Rfd8 22. Rac1
Rxc1 23. Rxc1 Qd7 24. h3 Qd6 25. b4 Qd2 26. Qxd2 Rxd2 1/2-1/2

[Event "Hokkaido Chess Championship 2025"]
[Site "?"]
[Date "2025.03.23"]
[Round "5.3"]
[White "Sugimoto, Koichi"]
[Black "kuramoto, koutarou"]
[Result "1-0"]
[WhiteElo "1908"]
[BlackElo "1757"]
[Annotator "Fritz 11 SE (30s)"]
[PlyCount "61"]
[EventDate "2025.03.22"]
[EventRounds "5"]
[EventCountry "JPN"]

{A45: Trompowsky Attack} 1. d4 Nf6 2. Nc3 g6 (2... a6 3. e4 d6 4. Bg5 c6 5. f4
Qa5 6. Bd3 h6 7. Bxf6 gxf6 8. f5 e5 9. d5 Nd7 10. a3 h5 11. Qf3 Bh6 12. Qf2 Ke7
{1/2-1/2 (12) Dobos,J (2272)-Istvanovszky,K (2266) Hungary 2013}) 3. Bf4 d5
$146 (3... d6 4. Qd2 c6 5. e4 Qa5 6. h3 Nbd7 7. Nf3 e5 8. Be3 Bg7 9. Bd3 O-O
10. O-O Re8 11. Rfe1 b5 12. a3 a6 13. dxe5 dxe5 14. Rad1 {1/2-1/2 (14) Berov,A
(2490)-Gipslis,A (2450) Dortmund 1998}) (3... Bg7 4. Qd2 d6 (4... O-O 5. Bh6 d6
6. g3 e5 7. Bxg7 Kxg7 8. dxe5 dxe5 9. O-O-O Qe7 10. Bg2 c6 11. h4 h5 12. Qg5
Qc5 13. Qxf6+ {1-0 (13) Boguszlavszkij,J (2312)-Cherednichenko,S (2255)
Budapest 2007}) 5. f3 Nbd7 6. Bh6 O-O 7. h4 Nh5 8. g4 Ng3 9. Rh3 Nxf1 10. Kxf1
f5 11. h5 fxg4 12. Rh1 Nf6 13. hxg6 hxg6 14. Bxg7 Kxg7 15. Qh6+ Kf7 16. Kg2 Bf5
17. e4 gxf3+ 18. Nxf3 {Meszaros,M (2221)-Linczer,J (2205) Hungary 2003 0-1}) 4.
e3 Bg7 5. h4 h5 (5... Nc6 6. Nb5 O-O 7. Nxc7 $11) 6. Nf3 $14 c5 7. Nb5 Na6 8.
c3 {Covers b4} Bd7 9. Ne5 c4 {This push gains space} 10. Nxd7 Qxd7 11. a4 Ne4 (
11... O-O 12. b3 cxb3 13. Qxb3 $14) 12. g3 (12. f3 Nf6 13. b3 $16) 12... f6 $2
{Consolidates e5+g5} (12... Bh6 13. Bxh6 Rxh6 14. Bg2 $14) 13. Bh3 (13. f3 $5
Nd6 14. Nxd6+ exd6 $18) 13... Qc6 14. f3 e5 $2 (14... Nd6 15. Bxd6 exd6 16. f4
$16) 15. dxe5 (15. fxe4 exf4 16. gxf4 dxe4 $18) 15... fxe5 $2 (15... Nec5 $142
$5 16. exf6 Nd3+ 17. Kf1 Bxf6 $16) 16. fxe4 $18 exf4 17. exd5 Qc5 $2 (17... Qb6
18. exf4 O-O 19. Qe2 $18) 18. gxf4 (18. exf4 $142 {secures the win} Qe3+ 19.
Qe2 Qxe2+ 20. Kxe2 $18) 18... Qxe3+ $16 19. Qe2 Qxe2+ 20. Kxe2 Rf8 (20... Rd8
21. Rhg1 Bf6 22. Be6 $16) 21. Ke3 (21. Rhg1 {makes it even easier for White}
Rf6 22. f5 Kf8 23. fxg6 Re8+ 24. Be6 Rfxe6+ 25. dxe6 Rxe6+ 26. Kf3 Nc5 $18)
21... Nc5 $2 (21... Rd8 $142 22. Rad1 Nc5 $18) 22. Nc7+ Ke7 (22... Kf7 23. Nxa8
Rxa8 24. Rhd1 Re8+ 25. Kf3 $18) 23. Nxa8 Bh6 (23... Rxa8 {doesn't improve
anything} 24. Bf1 Re8 25. Bxc4 Kd8+ 26. Kf3 $18) 24. Kd4 (24. Rag1 {might be
the shorter path} Rf6 25. Kd4 Kd6 $18) 24... Nb3+ 25. Kxc4 Nxa1 26. Rxa1 (26.
d6+ {seems even better} Kd8 27. Rxa1 Rxf4+ 28. Kc5 Rf3 $18) 26... Kd6 (26...
Rxa8 {is not the saving move} 27. Re1+ Kf6 28. Re6+ Kg7 29. f5 gxf5 30. Bxf5
$18) 27. Rf1 {[%cal Yf4f5] White intends f5} (27. Re1 $142 {and White can
celebrate victory} Rf6 28. f5 gxf5 29. Bxf5 Bf4 30. Re6+ Rxe6 31. dxe6 Bg3 $18)
27... Rxa8 28. f5 (28. Rg1 {might be the shorter path} Bxf4 29. Rxg6+ Ke7 30.
Rg7+ Kf6 31. Rxb7 Bd6 $18) 28... Rc8+ 29. Kd4 Rf8 (29... g5 30. hxg5 Bxg5 31.
f6 $18) 30. f6 (30. fxg6 $142 {makes it even easier for White} b6 $18) 30...
Rxf6 (30... g5 $18) 31. Rxf6+ (31. Rxf6+ Ke7 32. Rxg6 $18) 1-0

[Event "Hokkaido Chess Championship 2025"]
[Site "?"]
[Date "2025.03.23"]
[Round "5.4"]
[White "Etabag, John Vincent"]
[Black "Aoki, Yasuhiro"]
[Result "1-0"]
[WhiteElo "1821"]
[BlackElo "1731"]
[Annotator "Fritz 11 SE (30s)"]
[PlyCount "59"]
[EventDate "2025.03.22"]
[EventRounds "5"]
[EventCountry "JPN"]

{C33: King's Gambit Accepted: 3 Nc3 and 3 Bc4} 1. e4 d6 2. Nc3 Nf6 3. f4 e5 4.
Nf3 exf4 5. d4 Nc6 $146 (5... Nh5 6. Bc4 g6 7. O-O (7. Ne2 Bh6 8. g3 Qe7 9. Bd3
Bg4 10. Nxf4 Nxf4 11. gxf4 Qf6 12. O-O Bxf4 13. c3 O-O 14. Qe1 Bh3 15. Rf2 Nd7
16. Kh1 Bxc1 17. Rxc1 Bg4 18. Qe3 Bxf3+ 19. Rxf3 Qe7 20. Rg1 Kh8 21. Qf4 Rae8 {
Novikov,S (2523)-Nikolic,P (2623) Budva 2009 1/2-1/2}) 7... Bh6 8. g3 O-O 9.
Nd5 Bh3 10. Rf2 Be6 11. Qf1 fxg3 12. Bxh6 gxf2+ 13. Qxf2 c6 14. Bxf8 Qxf8 15.
Ne3 Bxc4 16. Nxc4 f6 17. d5 c5 18. Qh4 b5 19. Ncd2 Nd7 20. a4 {Tseitlin,M 
(2450)-Balinas,R (2365) Odessa 1976 1/2-1/2}) (5... d5 6. e5 Ne4 7. Bd3 Bb4 8.
O-O Nxc3 9. bxc3 Bxc3 10. Rb1 Bg4 11. Kh1 Nc6 12. Rxb7 Nxd4 13. Ba3 Bxf3 14.
Rxf3 Qc8 15. Ba6 Qe6 16. Rxc3 Qxa6 17. Rbxc7 Rb8 18. Re7+ Kd8 19. h3 f3 20.
Rxf3 {Trent,L (2429)-Amato,A (2259) Caleta 2013 1-0}) (5... Be7 6. Bxf4 O-O 7.
Bd3 h6 8. O-O Bg4 9. Qd2 Nh7 10. e5 dxe5 11. Nxe5 Nf6 12. Nxg4 Nxg4 13. Bf5 Nf6
14. Ne4 Nxe4 15. Bxe4 c6 16. c3 f5 17. Bc2 Nd7 18. Rae1 Rf6 19. Be5 Nxe5 20.
Rxe5 {Szekeres,S (2225)-Balazs,T (2250) Hungary 1997 1-0}) 6. Bc4 (6. Bxf4 d5
7. Nxd5 Nxd5 8. exd5 Qxd5 9. Bxc7 Bg4 $16) 6... Be7 7. O-O O-O (7... Nxe4 8.
Nd5 O-O 9. Re1 $15) 8. Bb3 (8. Bxf4 a6 $16) 8... Na5 (8... Nh5 9. Nd5 $11) 9.
Bxf4 $14 Nxb3 10. axb3 {Black has the pair of bishops} Bg4 11. Qd3 a6 {
Prevents intrusion on b5} 12. Rae1 {Black has a cramped position} Nh5 13. Bd2
c6 14. d5 {White gets more space} Bxf3 15. Qxf3 Bg5 16. Bxg5 (16. Qxh5 $6 Bxd2
17. Rd1 Qb6+ 18. Kh1 Bxc3 19. bxc3 Rae8 $11) 16... Qxg5 17. dxc6 bxc6 18. Nd1 (
18. Qf5 Qxf5 19. Rxf5 g6 $14) 18... Nf6 $11 19. Ne3 Nd7 (19... Qc5 20. b4 Qxb4
21. Nf5 $11) 20. Kh1 (20. Nf5 Ne5 21. Qc3 g6 22. Nxd6 Rad8 $16) 20... Ne5 $14 {
Black threatens to win material: Ne5xf3} 21. Qe2 a5 (21... g6 22. Rd1 $11) 22.
Nf5 $14 Rfd8 23. Rd1 f6 (23... a4 24. b4 $14) 24. Nxd6 $16 a4 25. bxa4 Rxa4 26.
b3 {White threatens to win material: b3xa4.} Ra2 27. h3 Rda8 $4 {another bit
of territory lost} (27... g6 $142 $16) 28. Rf5 $18 Qh4 (28... Qg6 {is not much
help} 29. Rxe5 $1 {Double attack: c6/g8} fxe5 30. Qc4+ Kf8 31. Rf1+ Ke7 32.
Rf7+ Qxf7 33. Nxf7 $18 (33. Qxf7+ $6 Kxd6 34. c4 R2a7 $18)) 29. Rxe5 $1 {
Mate attack} fxe5 (29... fxe5 30. Qc4+ {Mate attack}) (29... -- $140 30. Qc4+ {
Mate threat}) 30. Qc4+ (30. Qc4+ Kh8 31. Nf7+ Kg8 32. Nh6+ Kh8 33. Qg8+ Rxg8
34. Nf7#) 1-0

[Event "Hokkaido Chess Championship 2025"]
[Site "?"]
[Date "2025.03.23"]
[Round "5.5"]
[White "Shishido, Kenta"]
[Black "Yoshii, Yukihiko"]
[Result "0-1"]
[WhiteElo "1431"]
[BlackElo "1771"]
[Annotator "Fritz 11 SE (30s)"]
[PlyCount "100"]
[EventDate "2025.03.22"]
[EventRounds "5"]
[EventCountry "JPN"]

{B19: Classical Caro-Kann: 4...Bf5 main line} 1. e4 c6 2. d4 d5 3. Nd2 dxe4 4.
Nxe4 Bf5 5. Ng3 Bg6 6. h4 h6 7. h5 Bh7 8. Nf3 Nd7 9. Bf4 e6 10. Bd3 Bxd3 11.
Qxd3 Ngf6 12. O-O-O Be7 13. Ne5 O-O 14. Kb1 Qb6 (14... Qa5 15. Nxd7 (15. Ne2
Nxe5 16. dxe5 Rfd8 17. Qc3 Qxc3 18. Nxc3 Nd5 19. Nxd5 cxd5 20. Be3 a6 21. g4
Rac8 22. f4 Rc4 23. Rd4 Rdc8 24. c3 b5 25. Rxc4 Rxc4 26. Bd4 {1/2-1/2 (26)
Rathnakaran,K (2403)-Deviatkin,A (2574) New Delhi 2012}) 15... Nxd7 16. Ne4 Nf6
17. g4 Rad8 18. Rhg1 Rd7 19. Nxf6+ Bxf6 20. c3 Rfd8 21. Bc1 e5 22. g5 e4 23.
Qxe4 hxg5 24. f4 Re7 25. Qd3 gxf4 26. h6 g6 27. Rdf1 Qh5 28. Rxf4 Bh8 29. Rf5 {
Palac,M (2574)-Izoria,Z (2602) Warsaw 2005 1-0 (31)}) 15. f3 $146 {
Consolidates e4+g4} (15. c4 Rad8 16. Ne2 Nxe5 17. Bxe5 Nd7 18. Bf4 e5 19. dxe5
Nxe5 20. Qc3 Ng4 21. f3 Nf2 22. Rxd8 Rxd8 23. Be3 Bc5 24. Bxf2 Bxf2 25. Qc2 Qe3
26. Rd1 Bh4 27. Nc3 Rxd1+ 28. Qxd1 Qc5 29. Qd7 Qxh5 {Petrov,M (2534)
-Matthiesen,M (2251) Helsingor 2011 1/2-1/2 (38)}) (15. Nxd7 Nxd7 16. Ne4 Nf6
$14) 15... Rad8 $11 16. Nc4 {White threatens to win material: Nc4xb6} Qa6 17.
Ne4 (17. Bd6 $5 {is an interesting idea} Bxd6 18. Nxd6 $11) 17... Nxe4 $15 18.
fxe4 Nc5 {Black threatens to win material: Nc5xd3. Deflection: d4} 19. Qe2 (19.
dxc5 Rxd3 {Clearance Deflection Pinning}) 19... Na4 (19... Nxe4 20. Rh3 $15)
20. Bc1 (20. Rh3 Nb6 21. b3 Nxc4 22. Qxc4 Qxc4 23. bxc4 f5 $11) 20... Qb5 (
20... c5 $142 $5 21. dxc5 Qb5 $15) 21. Rh3 $11 {Black has a cramped position}
Qa6 $2 (21... Nb6 $142 {and Black can hope to survive} 22. b3 Nxc4 23. Qxc4
Qxc4 24. bxc4 f5 $11) 22. Rg3 $18 Kh8 $4 {sad, but how else could Black save
the game?} (22... Qb5 $142 23. Qg4 Bg5 24. Bxg5 Qxg5 25. Qxg5 hxg5 26. Rxg5 f6
$16) 23. Qg4 Rg8 24. b3 (24. Ne5 {and White can already relax} Rdf8 25. Rf3 Qe2
$18) 24... Nb6 $2 (24... Bf6 $142 $18) 25. Nxb6 (25. Ne5 $142 {finishes off
the opponent} Rdf8 26. Rf3 $18) 25... Qxb6 (25... axb6 26. Rf3 Rgf8 27. Rdf1
$14) 26. Bb2 (26. Rf3 $5 Rgf8 27. Rfd3 $16) 26... Bg5 $14 27. Rf3 {White
threatens to win material: Rf3xf7} Qc7 28. e5 {White gains space} Rd7 29. Ba3
Rgd8 30. Bd6 Rxd6 31. exd6 Rxd6 {White wins the exchange} 32. Rdf1 (32. c3 Bf6
$14) 32... Rd7 (32... f5 33. Qg3 $14) 33. R3f2 (33. c3 $5 $16) 33... Be3 $11 {
Black threatens to win material: Be3xf2. Black forks: f2+d4} 34. Rf3 Bxd4 ({
Worse is} 34... Rxd4 35. Qg3 (35. Rxf7 $4 {the pawn must remain untouched} Qxf7
(35... Rxg4 36. Rxc7 Rxg2 37. Rc8+ (37. Rxb7 $6 {is much worse} Rg5 $16) 37...
Kh7 38. Rff8 Rg1+ 39. Kb2 Bd4+ 40. c3 Rg2+ 41. Kb1 $18) 36. Rxf7 Rxg4 $19)
35... Qxg3 36. Rxg3 $16) 35. Rd3 Bf6 36. Rxd7 Qxd7 37. Qd1 {White threatens to
win material: Qd1xd7} Qc7 38. Qd3 (38. Qf3 $5 $11 {is worthy of consideration})
38... Qe5 $17 39. c3 Qxh5 40. Kb2 Qg5 41. Rf2 Qc5 42. Rc2 (42. Rf3 $5 $17)
42... b5 $19 43. b4 (43. a3 $142 a5 44. Ka2 $19) 43... Qxb4+ 44. Kc1 Bg5+ 45.
Kd1 Qb1+ 46. Ke2 Qg1 47. Qf3 f6 (47... f5 $5 {keeps an even firmer grip} 48. c4
$19) 48. Qxc6 Qe3+ 49. Kf1 Bh4 50. Qf3 $4 {a blunder in a bad position} (50. g3
Bxg3 51. Re2 Qc1+ 52. Kg2 $19) 50... Qe1# 0-1